000
00233nam a2200097Ia 4500
001
775663
005
20250826165833.0
008
250824s9999 xx 000 0 und d
245
0
_a
YILLAR SONRA
_c
SANDRA BROWN
260
_b
MARTI YAYINLARI
999
_c
775663
_d
775663